[Event "Konyaalti Open-A 2019"]
[Site "Konyaalti"]
[Date "2019.11.17"]
[Round "1.1"]
[White "Ibrahimov, Rasul"]
[Black "Uzunoglu, Efe Kerem"]
[Result "1/2-1/2"]
[WhiteElo "2518"]
[BlackElo "2117"]
[Annotator "TA"]
[PlyCount "55"]
[EventDate "2019.11.20"]
[EventType "swiss"]
[EventCountry "TUR"]
[SourceTitle "playchess.com"]
[Source "ChessBase"]
[SourceQuality "1"]

{[%evp 12,55,16,18,33,21,37,15,33,6,50,0,0,0,7,0,17,0,0,0,0,-3,52,39,68,41,42,50,33,0,3,0,0,-20,12,20,19,0,8,4,8,3,3,5,4,18]} 1. Nf3 Nf6 2. c4 g6 3. Nc3 d5 4. cxd5 Nxd5 5. Qa4+ Bd7 6. Qb3 Nb6 7. d4 Bg7 {A16: English Opening: 1...Nf6 with ...d5} 8. Bf4 (8. e4 O-O 9. Be3 Bg4 10. Ne5 Be6 11. Qc2 c5 12. Rd1 cxd4 13. Bxd4 Qc7 14. Nf3 Rd8 15. Bxg7 Kxg7 16. Nd4 Bg4 17. f3 Bd7 {1-0 (55) Wang,H (2737)-Giri,A (2720) Beijing 2012}) 8... O-O 9. Rd1 Qc8 10. e4 $146 ({Predecessor:} 10. e3 c5 11. Be2 cxd4 12. exd4 Bg4 13. O-O Nc6 14. Nb5 Na5 15. Qb4 {0-1 (25) Saravanan,V (2379)-Mirumian,V (2525) Urmia 2008}) 10... Bg4 11. Nb5 Na6 12. Be2 Qe6 13. Qxe6 Bxe6 14. d5 Bd7 15. Nc3 Nc5 16. Be5 ({Of course not} 16. Bxc7 Bxc3+ 17. bxc3 Nxe4 $15) 16... Bxe5 (16... c6 $11) 17. Nxe5 $14 f5 18. exf5 Rxf5 19. Nxd7 Ncxd7 20. Bg4 Re5+ {The position is equal.} 21. Kd2 {aiming for f4.} Rf8 22. f3 Nf6 23. Be6+ Kg7 {[%cal Rf6d5]} 24. Kc2 Nh5 25. Rhe1 Rxe1 26. Rxe1 Nf4 27. g3 Nxe6 28. Rxe6 {Accuracy: White = 38%, Black = 55%.} 1/2-1/2

[Event "Konyaalti Open-A 2019"]
[Site "Konyaalti"]
[Date "2019.11.17"]
[Round "1.2"]
[White "Yelligedik, Murat"]
[Black "Shanava, Konstantine"]
[Result "0-1"]
[WhiteElo "2040"]
[BlackElo "2491"]
[Annotator "TA"]
[PlyCount "58"]
[EventDate "2019.11.20"]
[EventType "swiss"]
[EventCountry "TUR"]
[SourceTitle "playchess.com"]
[Source "ChessBase"]
[SourceQuality "1"]

{[%evp 9,58,28,28,29,26,38,35,29,50,30,52,28,48,41,55,43,41,-12,0,0,0,-46,-44,-231,-229,-320,-289,-289,-268,-339,-341,-395,-385,-525,-527,-550,-549,-550,-526,-638,-552,-669,-672,-896,-867,-945,-942,-897,-901,-853,-820]} 1. e4 c5 2. Nf3 Nc6 3. Bb5 Nf6 4. Bxc6 dxc6 5. d3 g6 (5... Nd7 6. e5 Nb6 7. Nbd2 Bf5 8. Qe2 e6 9. h3 Be7 10. Ne4 h6 11. O-O a5 12. Be3 Nd7 {½-½ (29) Amin,B (2684)-Rapport,R (2719) Abu Dhabi 2018}) 6. Be3 {B30: Sicilian: 2...Nc6 3 Bb5, lines without ...g6} c4 7. Nc3 cxd3 8. cxd3 {White is slightly better.} Bg7 9. h3 $146 ({Predecessor:} 9. d4 O-O 10. h3 Qa5 11. O-O h6 12. a3 Be6 {½-½ (35) Ehret,T (2058)-Vatter,H (2236) Germany 2016}) 9... O-O 10. O-O Nd7 11. d4 Nb6 12. Qd3 f5 13. e5 ({Better is} 13. Rfe1 $14) 13... Be6 14. Rfd1 h6 15. Nh4 g5 16. Ng6 $2 {[#]} (16. Nf3 $15) 16... Rf7 $1 $19 17. f4 Kh7 18. fxg5 {And now Nf4 would win.} Kxg6 19. Ne2 {Strongly threatening Nf4+.} Nd5 ({Resist} 19... hxg5 {[#]} 20. Bxg5 $1 {[%mdl 512]} Nd5 21. Qg3 $19) 20. h4 hxg5 21. h5+ Kh7 {Black is clearly winning.} 22. Bxg5 Bh6 23. Bxh6 Kxh6 24. Qd2+ Kh7 25. h6 Qg8 26. Kf2 Qg4 27. Rh1 Rg8 28. Rag1 f4 29. Qd3+ Bf5 {Accuracy: White = 30%, Black = 71%.} 0-1

[Event "Konyaalti Open-A 2019"]
[Site "Konyaalti"]
[Date "2019.11.17"]
[Round "1.3"]
[White "Mirzoev, Azer"]
[Black "Ozdemir, Serhan Berat"]
[Result "1-0"]
[WhiteElo "2472"]
[BlackElo "2096"]
[Annotator "TA"]
[PlyCount "111"]
[EventDate "2019.11.20"]
[EventType "swiss"]
[EventCountry "TUR"]
[SourceTitle "playchess.com"]
[Source "ChessBase"]
[SourceQuality "1"]

{[%evp 22,111,46,51,35,41,50,29,26,18,17,14,28,9,32,20,32,0,0,0,10,0,9,10,9,11,13,8,8,9,19,17,38,28,28,39,35,21,22,29,65,29,53,45,56,38,69,0,55,37,72,83,59,32,83,64,168,148,197,216,519,298,579,330,556,463,544,524,1139,956,960,931,836,710,1351,1382,1252,1231,1145,925,29984,29985,29973,6441,29974,6395,2198,939,840,854,5257,2264]} 1. d4 Nf6 2. c4 g6 3. Nc3 Bg7 4. e4 d6 5. f3 O-O 6. Be3 c5 7. Nge2 Nc6 8. Qd2 cxd4 9. Nxd4 Nxd4 10. Bxd4 Be6 11. Be2 a6 12. O-O Rc8 {B38: Sicilian: Maroczy Bind with 5...Bg7 and 7...0-0} 13. b3 {[%cal Bb2b3,Bb3b4][%mdl 32]} Qa5 (13... Nd7 14. Bxg7 Kxg7 15. f4 Nf6 16. Kh1 b5 17. f5 b4 18. fxe6 bxc3 19. Qxc3 Rc5 20. exf7 {1-0 (58) Romanov,E (2621)-Tsoi,D (2361) Kolomna 2018}) 14. Rfd1 Rfe8 {White has an edge.} 15. Qb2 Nd7 $146 ({Predecessor:} 15... Nh5 16. Bxg7 Nxg7 17. Rac1 Rc7 18. Kh1 Qe5 19. Qa3 Nh5 20. Nd5 Bxd5 21. Rxd5 {0-1 (38) Szabo,L-Pilnik,H Mar del Plata 1955}) 16. Bxg7 Kxg7 17. Nd5+ Kg8 18. b4 Qd8 19. Kh1 Bxd5 20. exd5 Qb6 21. Bf1 Rc7 22. Re1 Ne5 23. Qb3 {Black should prevent c5!} Nd7 24. Rad1 {White wants to play c5!} Nf6 25. Qb2 a5 26. a3 {[%cal Ba2a3,Ba3b4][%mdl 32]} Nd7 27. Qd2 {And now c5 would win.} axb4 28. axb4 {Hoping for c5!} Nf6 29. h3 Ra8 30. Ra1 Rac8 31. Rec1 Nd7 32. Ra2 Nf6 33. Ra3 Nd7 34. Ra2 Nf6 35. Kh2 Nd7 36. Re1 Nf6 37. Qb2 Rd8 ({Black should play} 37... Re8 $14) 38. Ra3 $16 h5 (38... Re8 $14) 39. Rae3 Rdd7 40. f4 Kf8 $2 (40... Rc8 {is tougher.} 41. Rxe7 Rxe7 42. Rxe7 Kg7) 41. Qd2 Kg7 $2 (41... Rd8 {was called for.} 42. f5 g5) 42. Rf3 Nh7 $2 (42... Rc8 43. f5 Rh8 44. fxg6 fxg6) 43. Rg3 f5 44. Bd3 h4 45. Qb2+ Nf6 46. Rg5 Kf7 47. Re6 Rc8 {[#]} 48. Bxf5 $1 {[%mdl 512]} gxf5 49. Rxf5 {[%cal Re6f6] White threatens Rexf6+ and mate.} Qd8 50. Qe2 Qf8 51. Qh5+ {[%mdl 64] Double Attack} Kg8 52. Rg5+ Qg7 53. Rxg7+ (53. Qh6 $142 Qxg5 54. fxg5 b5 55. Qg6+ Kh8 56. gxf6 exf6 57. Qxf6+ Kg8 58. Re4) 53... Kxg7 $18 {[#]White is clearly winning.} 54. Qg5+ (54. Rxf6 $142 $1 Kxf6 (54... exf6 55. Qg4+) 55. Qxh4+ Kg7 56. Qg4+ Kf8 57. Qxd7 {[%mdl 64] Double Attack}) 54... Kf7 {[#]} 55. Qf5 $1 {Threatening mate with Rxf6+!} Rdc7 {[#]} 56. c5 $1 {Accuracy: White = 52%, Black = 35%.} 1-0

[Event "Konyaalti Open-A 2019"]
[Site "Konyaalti"]
[Date "2019.11.17"]
[Round "1.4"]
[White "Afshari, Mohammadreza"]
[Black "Nigalidze, Gaioz"]
[Result "0-1"]
[WhiteElo "2089"]
[BlackElo "2472"]
[Annotator "ChessBase"]
[PlyCount "62"]
[EventDate "2019.11.20"]
[EventType "swiss"]
[EventCountry "TUR"]
[SourceTitle "playchess.com"]
[Source "ChessBase"]
[SourceQuality "1"]
[TimeControl "5400+30"]

1. d4 {[%emt 0:00:30]} Nf6 {[%emt 0:00:30]} 2. c4 {[%emt 0:00:00]} e6 {[%emt 0:00:00]} 3. Nc3 {[%emt 0:00:00]} c5 {[%emt 0:00:00]} 4. d5 {[%emt 0:00:30]} exd5 {[%emt 0:00:30]} 5. cxd5 {[%emt 0:00:00]} d6 {[%emt 0:00:00]} 6. Nf3 {[%emt 0:00:00]} g6 {[%emt 0:00:00]} 7. Nd2 {[%emt 0:00:30]} Nbd7 {[%emt 0:01:30]} 8. e4 {[%emt 0:00:00]} a6 {[%emt 0:00:30]} 9. a4 {[%emt 0:00:00]} Bg7 {[%emt 0:01:30]} 10. Be2 {[%emt 0:00:00]} O-O {[%emt 0:00:30]} 11. O-O {[%emt 0:00:00]} Re8 {[%emt 0:00:00]} 12. f4 {[%emt 0:02:30]} Rb8 {[%emt 0:02:00]} 13. a5 {[%emt 0:00:30]} Qc7 {[%emt 0:05:30]} 14. Kh1 {[%emt 0:01:30]} b5 {[%emt 0:03:30]} 15. axb6 {[%emt 0:00:30]} Rxb6 {[%emt 0:00:30]} 16. Nc4 {[%emt 0:07:30]} Rb4 {[%emt 0:02:30]} 17. e5 {[%emt 0:05:30]} dxe5 {[%emt 0:01:30]} 18. fxe5 {[%emt 0:00:30]} Nxe5 {[%emt 0:00:30]} 19. Bf4 {[%emt 0:00:30]} Nfd7 {[%emt 0:01:30]} 20. d6 {[%emt 0:04:30]} Qd8 {[%emt 0:03:30]} 21. Nxe5 {[%emt 0:08:30]} Nxe5 {[%emt 0:02:30]} 22. Qd5 {[%emt 0:16:30]} Bb7 {[%emt 0:24:30]} 23. Qxc5 {[%emt 0:00:30]} Rxb2 {[%emt 0:00:00]} 24. Rab1 {[%emt 0:11:30]} Nd7 {[%emt 0:14:00]} 25. Qa3 {[%emt 0:00:30]} Rxb1 {[%emt 0:04:30]} 26. Rxb1 {[%emt 0:00:30]} Bxc3 {[%emt 0:03:30]} 27. Rxb7 {[%emt 0:05:30]} Rxe2 {[%emt 0:00:30]} 28. Qxc3 {[%emt 0:00:30]} Qf6 {[%emt 0:00:30]} 29. Qc8+ {[%emt 0:00:30]} Kg7 {[%emt 0:04:30]} 30. Rb1 {[%emt 0:08:30]} Qxf4 {[%emt 0:00:30]} 31. Qxd7 {[%emt 0:00:00]} Qf2 {[%emt 0:00:30]} 0-1

[Event "Konyaalti Open-A 2019"]
[Site "Konyaalti"]
[Date "2019.11.17"]
[Round "1.5"]
[White "Haznedaroglu, Kivanc"]
[Black "Mecit, Emre"]
[Result "1-0"]
[WhiteElo "2461"]
[BlackElo "2008"]
[Annotator "RC"]
[PlyCount "159"]
[EventDate "2019.11.20"]
[EventType "swiss"]
[EventCountry "TUR"]
[SourceTitle "playchess.com"]
[Source "ChessBase"]
[SourceQuality "1"]
[TimeControl "5400+30"]

1. d4 {[%emt 0:00:30]} Nf6 {[%emt 0:00:30]} 2. Nf3 {[%emt 0:00:00]} g6 {[%emt 0:00:00]} 3. g3 {[%emt 0:00:00]} Bg7 {[%emt 0:00:00]} 4. Bg2 {[%emt 0:00:00]} O-O {[%emt 0:00:30]} 5. c4 {[%emt 0:00:00]} c5 {[%emt 0:00:00]} 6. d5 {[%emt 0:04:30]} b5 {[%emt 0:06:00]} 7. cxb5 {[%emt 0:04:30]} a6 {[%emt 0:00:30]} 8. b6 {[%emt 0:00:30]} d6 {[%emt 0:01:30]} 9. Nc3 {[%emt 0:00:30]} Nbd7 {[%emt 0:00:30]} 10. O-O {[%emt 0:03:30]} Nxb6 {[%emt 0:04:30]} 11. h3 {[%emt 0:03:30]} a5 {[%emt 0:11:30]} 12. e4 {[%emt 0:02:30]} Ba6 {[%emt 0:03:30]} 13. Re1 {[%emt 0:00:00]} Nfd7 {[%emt 0:00:00]} 14. Bf1 {[%emt 0:03:00]} Bxf1 {[%emt 0:02:00]} 15. Kxf1 {[%emt 0:00:30]} a4 {[%emt 0:00:30]} 16. Qc2 {[%emt 0:03:30]} Qc8 {[%emt 0:08:30]} 17. Kg2 {[%emt 0:00:30]} Qa6 {[%emt 0:08:30]} 18. Bg5 {[%emt 0:07:30]} Rfe8 {[%emt 0:06:30]} 19. Rab1 {[%emt 0:06:30]} Nc4 {[%emt 0:05:30]} 20. h4 {[%emt 0:17:30]} Nce5 {[%emt 0:06:30]} 21. Nxe5 {[%emt 0:06:30]} Nxe5 {[%emt 0:00:30]} 22. Red1 {[%emt 0:02:30]} h6 {[%emt 0:01:30]} 23. Bf4 {[%emt 0:00:30]} Reb8 {[%emt 0:01:30]} 24. Bxe5 {[%emt 0:03:30]} Bxe5 {[%emt 0:00:30]} 25. Ne2 {[%emt 0:00:30]} Rb4 {[%emt 0:02:30]} 26. Nc1 {[%emt 0:10:45]} Qc4 {[%emt 0:03:30]} 27. Qxc4 {[%emt 0:00:20]} Rxc4 {[%emt 0:00:30]} 28. Re1 {[%emt 0:00:25]} Rb8 {[%emt 0:01:30]} 29. Nd3 {[%emt 0:03:06]} Bg7 {[%emt 0:04:30]} 30. Re2 {[%emt 0:02:13]} Rd4 {[%emt 0:01:30]} 31. Ne1 {[%emt 0:00:01]} Rdb4 {[%emt 0:00:58]} 32. Nd3 {[%emt 0:00:21]} R4b7 {[%emt 0:03:06]} 33. Rc2 {[%emt 0:00:10]} Bd4 {[%emt 0:00:53]} 34. Kf3 {[%emt 0:00:48]} e6 {[%emt 0:00:45]} 35. h5 {[%emt 0:06:07]} Kg7 {[%emt 0:02:52]} 36. hxg6 {[%emt 0:00:14]} fxg6 {[%emt 0:00:07]} 37. dxe6 {[%emt 0:00:57]} Kf6 {[%emt 0:00:22]} 38. Rc4 {[%emt 0:01:45]} Bxb2 {[%emt 0:03:03]} 39. Rxa4 {[%emt 0:00:01]} g5 {[%emt 0:03:53]} 40. Rh1 {[%emt 0:01:13]} Kg6 {[%emt 0:01:12]} 41. Kg4 {[%emt 0:01:03]} Bg7 {[%emt 0:01:56]} 42. f4 {[%emt 0:00:10]} gxf4 {[%emt 0:00:41]} 43. Nxf4+ {[%emt 0:01:00]} Kf6 {[%emt 0:00:03]} 44. Rh5 {[%emt 0:00:04]} Ke7 {[%emt 0:02:08]} 45. Rf5 {[%emt 0:00:33]} Be5 {[%emt 0:00:13]} 46. Rf7+ {[%emt 0:02:29]} Ke8 {[%emt 0:00:05]} 47. Rxb7 {[%emt 0:01:26]} Rxb7 {[%emt 0:00:09]} 48. Ra8+ {[%emt 0:00:04]} Ke7 {[%emt 0:00:11]} 49. Kf5 {[%emt 0:00:02]} Bxf4 {[%emt 0:01:26]} 50. gxf4 {[%emt 0:05:12]} c4 {[%emt 0:00:30]} 51. Rc8 {[%emt 0:00:37]} Rb5+ {[%emt 0:02:01]} 52. Kg6 {[%emt 0:00:43]} Rc5 {[%emt 0:00:00]} 53. Rxc5 {[%emt 0:00:01]} dxc5 {[%emt 0:00:00]} 54. f5 {[%emt 0:00:42]} c3 {[%emt 0:00:51]} 55. f6+ {[%emt 0:00:30]} Kxe6 {[%emt 0:00:40]} 56. f7 {[%emt 0:00:06]} c2 {[%emt 0:00:10]} 57. f8=Q {[%emt 0:00:30]} c1=Q {[%emt 0:00:36]} 58. Qf6+ {[%emt 0:00:30]} Kd7 {[%emt 0:00:36]} 59. e5 {[%emt 0:00:58]} Qc2+ {[%emt 0:00:35]} 60. Kf7 {[%emt 0:00:30]} Qxa2+ {[%emt 0:00:55]} 61. e6+ {[%emt 0:00:00]} Kd6 {[%emt 0:01:06]} 62. Qf4+ {[%emt 0:00:00]} Kc6 {[%emt 0:00:00]} 63. Qxh6 {[%emt 0:00:33]} Qd5 {[%emt 0:00:43]} 64. Qh8 {[%emt 0:00:36]} Kc7 {[%emt 0:01:18]} 65. Qg7 {[%emt 0:01:04]} Kd6 {[%emt 0:01:11]} 66. Qf8+ {[%emt 0:00:27]} Ke5 {[%emt 0:00:10]} 67. Qh8+ {[%emt 0:00:00]} Kf4 {[%emt 0:00:18]} 68. Qf6+ {[%emt 0:01:22]} Ke3 {[%emt 0:00:12]} 69. Kg6 {[%emt 0:00:23]} c4 {[%emt 0:00:42]} 70. e7 {[%emt 0:00:40]} Qe4+ {[%emt 0:01:51]} 71. Kg7 {[%emt 0:00:48]} Kd2 {[%emt 0:00:58]} 72. Qg5+ {[%emt 0:00:48]} Kd1 {[%emt 0:00:00]} 73. Qh5+ {[%emt 0:00:27]} Kc1 {[%emt 0:00:44]} 74. e8=Q {[%emt 0:00:31]} Qd4+ {[%emt 0:00:33]} 75. Qhe5 {[%emt 0:00:22]} Qg4+ {[%emt 0:00:10]} 76. Qg6 {[%emt 0:00:19]} Qd7+ {[%emt 0:00:05]} 77. Kh6 {[%emt 0:00:12]} Qh3+ {[%emt 0:00:31]} 78. Qgh5 {[%emt 0:00:10]} Qd3 {[%emt 0:00:17]} 79. Qa1+ {[%emt 0:00:12]} Kc2 {[%emt 0:00:07]} 80. Qh2+ {[%emt 0:00:02]} 1-0

[Event "Konyaalti Open-A 2019"]
[Site "Konyaalti"]
[Date "2019.11.17"]
[Round "1.6"]
[White "Mammadov, Mustafa"]
[Black "Gokerkan, Cem Kaan"]
[Result "0-1"]
[WhiteElo "2058"]
[BlackElo "2452"]
[Annotator "TA"]
[PlyCount "66"]
[EventDate "2019.11.20"]
[EventType "swiss"]
[EventCountry "TUR"]
[SourceTitle "playchess.com"]
[Source "ChessBase"]
[SourceQuality "1"]

{[%evp 19,138,51,44,20,27,21,20,14,19,18,18,9,26,25,40,43,79,77,124,15,14,10,7,0,0,-8,-8,-8,-8,-7,-10,-91,-91,-91,-91,-91,-92,-125,-160,-136,-114,-114,-114,-114,-114,-113,-118,-123,-94,-125,-100,-146,-85,-91,-108,-125,-92,-134,-143,-160,-133,-139,-120,-120,-120,-120,-120,-120,-120,-120,-113,-112,-111,-125,-111,-341,-103,-322,-321,-289,-294,-294,-301,-292,-284,-368,-350,-335,-290,-476,-461,-417,-391,-597,-572,-542,-489,-608,-599,-512,-311,-324,-313,-591,-583,-623,-584,-745,-729,-933,-993,-1129,-1055,-2233,-1972,-1823,-1812,-1545,-1152,-4631,583]} 1. d4 Nf6 2. c4 e6 3. Nf3 b6 4. g3 Ba6 5. b3 Bb7 6. Bg2 Bb4+ 7. Bd2 c5 8. O-O O-O 9. Bxb4 cxb4 10. a3 Na6 11. axb4 {E15: Queen's Indian: 4 g3 sidelines, 4 g3 Ba6 and 4 g3 Bb7 early deviations} Nxb4 12. Nc3 (12. Qd2 a5 13. Nc3 Ne4 14. Nxe4 Bxe4 15. Rfc1 f5 16. Ne1 Qf6 17. f3 Bb7 18. Nc2 Nxc2 19. Rxc2 d6 20. Rd1 e5 21. Qc3 f4 22. dxe5 dxe5 {½-½ (22) Boensch,U (2553)-Moiseenko,A (2648) Germany 2019}) 12... a5 13. Qb1 $146 {The position is equal.} ({Predecessor:} 13. Re1 d5 14. Ne5 Qe7 15. cxd5 Nfxd5 16. Nxd5 Bxd5 17. Bxd5 Nxd5 18. Qd2 Rfc8 {0-1 (40) Russu,E (2198)-Filip,L (2464) Baile Olanesti 2013}) 13... d5 14. Ne5 Rc8 15. e3 Ba6 {[%cal Rd5c4]} 16. Na2 Nxa2 17. Qxa2 Ne4 18. Rfc1 $1 Qd6 {[#]} 19. Qa3 (19. b4 $1 $16 {[%mdl 512]}) 19... Qxa3 $11 20. Rxa3 Rfd8 21. Bxe4 dxe4 22. c5 f6 23. Nc4 bxc5 24. Nb6 Rc6 $1 {[%cal Rc6b6]} 25. dxc5 {[#]} (25. Na4 $1 $11) 25... Rxc5 $1 $17 {[%mdl 512]} 26. Nc4 (26. Rxc5 $2 {leads to mate.} Rd1+ 27. Kg2 Bf1+ 28. Kh1 Bh3#) 26... Bxc4 27. bxc4 {[%mdl 4096] Endgame KRR-KRR} Rd2 28. g4 h5 29. h3 hxg4 30. hxg4 Kh7 31. Kg2 Kg6 32. Kg3 Rg5 {Threatens to win with ...f5.} 33. f4 exf3 {Played: Rg5-c5} 0-1

[Event "Konyaalti Open-A 2019"]
[Site "Konyaalti"]
[Date "2019.11.17"]
[Round "1.7"]
[White "Gadimbayli, Abdulla"]
[Black "Kaplan, Hakan"]
[Result "1-0"]
[WhiteElo "2447"]
[BlackElo "1866"]
[Annotator "TA"]
[PlyCount "94"]
[EventDate "2019.11.20"]
[EventType "swiss"]
[EventCountry "TUR"]
[SourceTitle "playchess.com"]
[Source "ChessBase"]
[SourceQuality "1"]

{[%evp 9,94,51,51,65,52,59,51,42,67,45,50,46,65,35,47,36,41,40,48,22,35,0,4,5,0,0,0,6,8,8,2,8,4,-10,0,-12,-10,-16,-10,0,-6,0,0,-30,1,-116,90,20,31,16,20,7,53,55,58,58,81,74,73,46,83,80,100,84,97,113,228,83,184,186,271,262,302,271,289,268,269,273,279,279,315,301,314,297,636,625,856]} 1. e4 c6 2. Nf3 d6 3. d4 Nd7 4. Nc3 (4. Bc4 b5 5. Bb3 Nb6 6. O-O a5 7. a4 Nf6 8. axb5 a4 9. Ba2 cxb5 10. e5 Nfd5 11. Nc3 Nxc3 12. bxc3 {½-½ (50) Faizulaev,A (2370)-Sitnikov,A (2409) Tashkent 2019}) 4... Qc7 5. a4 e5 6. Bc4 {B12: Caro-Kann: Advance Variation} h6 7. O-O Be7 8. Re1 {White is slightly better.} Nf8 9. Be3 Ng6 10. h3 a5 $146 ({Predecessor:} 10... Nf6 11. Bb3 O-O 12. a5 Bd7 13. Nd2 Kh8 14. Nf1 Qc8 15. Kh2 Nh7 16. Qh5 Nf6 17. Qe2 Nh7 18. Qh5 Nf6 19. Qe2 Nh7 20. Qh5 {½-½ (20) Gesing,O (2078)-Kaplan,H (2081) Bayern 2012}) 11. Qb1 Nf6 12. Qa2 O-O 13. Rad1 {[%cal Ba1d1,Bd1d2,Bd2e2][%mdl 32]} Bd8 14. Rd2 Qe7 15. Red1 Bc7 16. Qa3 exd4 17. Bxd4 Nxe4 18. Re2 d5 {White must now prevent ...Qxa3.} 19. Qxe7 Nxe7 20. Nxe4 dxc4 21. Bc5 Re8 22. Ned2 Be6 {aiming for ...Nd5.} 23. Nd4 {[#]} c3 $1 {[%mdl 512]} 24. Nxe6 (24. bxc3 Nd5) 24... fxe6 25. bxc3 Nd5 26. Ne4 Rad8 27. c4 (27. Rb1 $11 {remains equal.}) 27... Nf4 $2 (27... Nb6 $17 {and life is bright.} 28. Rde1 Nxa4) 28. Ree1 (28. Red2 $16) 28... b6 $1 $11 {[%cal Rb6c5]} 29. Be3 Ng6 30. c5 {Rxd8 is the strong threat.} (30. Rb1 {seems wilder.} c5 31. Nc3 Ne7 32. Nb5 Bb8 33. Na3) 30... b5 (30... Rxd1 {is more complex.} 31. Rxd1 b5 32. Kf1 bxa4 33. Rd7 Bf4) 31. Nd6 $1 $36 {[%cal Rd6e8][%mdl 2048] White has the initiative.} Bxd6 $1 32. cxd6 Rd7 33. Bb6 bxa4 34. c4 Kf7 35. Bc7 Ra8 36. Ra1 Kf6 37. Rxa4 Ne5 (37... c5 $16 {was called for.}) 38. Rea1 ({Worse is} 38. Rxa5 Rxa5 39. Bxa5 Nxc4 $11) (38. Bxa5 $18 {and White stays clearly on top. And now c5 would win.} Rda7 {[#]} 39. Bd8+ $1 {[%mdl 576] Deflection} Rxd8 40. Rxa7) 38... g5 (38... c5 $16 {might work better.}) 39. c5 $18 ({Weaker is} 39. Rxa5 Rxa5 40. Rxa5 Nxc4 $11) 39... Rg8 (39... Nd3 $142) 40. Bxa5 {Threatens to win with Bc3.} ({Don't take} 40. Rxa5 g4 $18) 40... Kf5 41. Bb6 h5 42. Ra7 Rgg7 43. Rxd7 Rxd7 44. Ra8 Rg7 45. Rf8+ Ke4 46. Re8 Kd5 $2 (46... Nd7 47. Rxe6+ Kd5) 47. Re7 Rf7 {Accuracy: White = 39%, Black = 34%.} 1-0

[Event "Konyaalti Open-A 2019"]
[Site "Konyaalti"]
[Date "2019.11.17"]
[Round "1.8"]
[White "Valiyev, Shahin"]
[Black "Ozen, Deniz"]
[Result "0-1"]
[WhiteElo "2013"]
[BlackElo "2422"]
[Annotator "TA"]
[PlyCount "50"]
[EventDate "2019.11.20"]
[EventType "swiss"]
[EventCountry "TUR"]
[SourceTitle "playchess.com"]
[Source "ChessBase"]
[SourceQuality "1"]

{[%evp 16,50,46,44,57,0,-10,0,-12,-171,-157,-168,-159,-165,-147,-195,-166,-144,-122,-102,-54,-137,-63,-162,-129,-115,-122,-356,-359,-823,-831,-793,-575,-729,-706,-697,-477]} 1. e4 Nf6 2. e5 Nd5 3. d4 d6 4. c4 Nb6 5. exd6 cxd6 6. Nc3 g6 7. Be3 Bg7 8. Rc1 O-O 9. b3 Nc6 {[%cal Bb8c6,Bc6e7,Be7f5,Bf5d4][%mdl 32] B03: Alekhine's Defence: Four Pawns Attack} (9... Bf5 10. Be2 d5 11. c5 Nc8 12. Bf3 e6 13. g4 Be4 14. Nxe4 dxe4 15. Bxe4 Nc6 16. Ne2 N8e7 17. O-O Qd7 {1-0 (34) Corrales Jimenez,F (2559)-Zhao,J (2610) chess.com INT 2019}) 10. Nge2 (10. d5 $14 Ne5 11. Be2) 10... e5 $11 11. d5 $146 ({Predecessor:} 11. dxe5 dxe5 12. Qxd8 Rxd8 13. c5 Nd5 14. Nxd5 Rxd5 15. Nc3 Rd8 16. Be2 Be6 17. O-O {½-½ (24) John,V (1818)-Pleyer,C (1733) Marburg 2017}) 11... Ne7 {The position is equal.} 12. c5 $2 (12. Ng3 $11 {and White is okay.}) 12... dxc5 $19 {[%cal Rb6d5]} 13. Bxc5 {[#]} Bh6 $1 ({Don't take} 13... Nbxd5 14. Nxd5 Nxd5 15. Bxf8 $17) 14. d6 Nf5 15. Rc2 Nd7 16. Ne4 Nxc5 17. Rxc5 {Strongly threatening d7.} Bd7 18. N2g3 ({Wrong is} 18. Rxe5 $2 Bc6 $19) (18. N2c3 $15) 18... Bg7 (18... Qh4 $17 {aiming for ...Nxg3.} 19. Bd3 {[#]} Nxd6 $1 {[%mdl 512]}) 19. Rc7 (19. Bc4 $1 $15) 19... Nd4 20. Bc4 Bc6 21. Qg4 $2 (21. O-O $17) 21... b5 {[%cal Bb7b5,Bb5c4][%mdl 32]} 22. Ne2 $2 (22. Bd3 f5 23. Qg5 fxe4 24. Qxd8 Raxd8 25. Bxe4 Rxd6 26. Bxc6 Rxc6 27. Rxc6 Nxc6 28. O-O) 22... bxc4 {Black is clearly winning.} 23. Nxd4 Bxe4 24. Qxe4 exd4 25. Qc6 Qe8+ {Accuracy: White = 19%, Black = 44%.} 0-1